Missing Word: This Is the Missing Word Quiz Stats

 Plays Quiz Updated Oct 16, 2019

Score 0/18 Timer 04:00
0 Plays Today
This is ... the missing word (alphabetically) % Correct
This is as ____Good
89.6%
This is gonna hurt ____Me
88.3%
This … is American ____!Idol
83.6%
This Is Spinal ____Tap
82.4%
This Is Your ____Life
80.3%
This is the ____Way
72%
This Is the ____End
71%
This is a ____Sign
69.1%
This is ____ meBeyond
68.1%
This is ... the missing word (alphabetically) % Correct
This Is ____Us
66.8%
This is ____ a pipeNot
66.2%
This Is ____America
64.3%
This Is ____It
63.8%
This is a ____Test
62.4%
This is a ____Job
59.6%
This … is … ____!Jeopardy
59.5%
This is ____Odd
43.5%
This is ____!Precious
18.4%

Today's Daily Dose

Missing Word
Sherlocks

Word Ladder
King of the Hill

Quick Pick
Songs in Pink

Get the Picture
NBA Teammates

You're not logged in!

Compare scores with friends on all Sporcle quizzes.
OR
Log In

Sporcle TV

Today on Sporcle TV


Watch our educational content, quiz creation guides, and fun videos on Sporcle TV.

Show Comments

Extras

Top Quizzes Today


Score Distribution

Your Account Isn't Verified!

In order to create a playlist on Sporcle, you need to verify the email address you used during registration. Go to your Sporcle Settings to finish the process.

Report this User

Report this user for behavior that violates our Community Guidelines.

Details: